00218nam a22000977a 4500040000700000082000800007100001800015245006400033260001300097300001000110 cSY a338 aCHHAY KONGKEA aAgricultural policy in western europe and the united states aRUAbCHH a449p.